Letterboxd Four Million Watched Club by Poster - Statistics

General Stats
  • This quiz has been taken 51 times
  • The average score is 54 of 63
Answer Stats
Picture Answer % Correct
Finding Nemo
98%
The Batman
98%
Titanic
98%
Toy Story
98%
Up
98%
Avatar
96%
Back to the Future
96%
Deadpool
96%
Home Alone
96%
Oppenheimer
96%
Shrek
96%
The Hunger Games
96%
The Matrix
96%
Black Panther
94%
Dune
94%
Inside Out
94%
Kill Bill
94%
Mean Girls
94%
WALL-E
94%
Avengers: Endgame
91%
Coco
91%
Forrest Gump
91%
Ratatouille
91%
The Incredibles
91%
The Wolf of Wall Street
91%
Barbie
89%
Dead Poets Society
89%
Joker
89%
Monsters, Inc.
89%
The Dark Knight
89%
The Truman Show
89%
American Psycho
87%
Pulp Fiction
87%
Spider-man: Into the Spider-verse
85%
Avengers
83%
Avengers: Infinity War
83%
Baby Driver
83%
Fight Club
83%
Guardians of the Galaxy
83%
Interstellar
83%
La La Land
83%
Django Unchained
81%
The Shining
81%
Whiplash
81%
LOTR: The Fellowship of the Ring
79%
Midsommar
79%
Parasite
79%
Everything Everywhere All at Once
77%
Inception
77%
Knives Out
77%
Shutter Island
77%
10 Things I Hate About You
74%
Get Out
74%
Harry Potter and the Prisoner of Azkaban
74%
Spider-man: Across the Spider-verse
74%
Eternal Sunshine of the Spotless Mind
72%
Harry Potter and the Philosopher's Stone
72%
Se7en
72%
Spider-man: Homecoming
72%
Spirited Away
72%
Inglourious Basterds
70%
Spider-man: No Way Home
64%
Gone Girl
53%
No matching quizzes found
Score Distribution
Percent of People with Each Score
Percentile by Number Answered
Your Score History
You have not taken this quiz